00764nam a2200193 a 450000100100000000500170001000800410002702000150006804000250008310000430010824500640015126000540021530000280026950400310029704900090032895201050033795201110044299900170055300002727320200930030721.0110330s2006 dr a 000 0 spa d a9993458333 aDO-SdBNPbspacBNPHU1 aVicioso Galán, Horacio Manuel95433110aCancilleres dominicanos. /cHoracio Manuel Vicioso Galán. aSanto Domingo, :bHoracio Vicioso Galán,c2006. a392 p. :bil. ;c23 cm. aBibliografía: p: 390-391 aBNPD 0010718PDaPDbPDcCTd2011-03-30iLF1l0o p27273-10r2020-06-25w2020-06-25yLFPDZNo se presta 0010718PDaPDbPDcCTd2011-06-01iLF1l0o p27273-20r2020-06-25te. 2w2020-06-25yLFPDZNo se presta c26765d26765